Gaming Quiz

Random Gaming or Video Games Quiz

Fighting Games: Name a Character Quiz Stats

 Plays Quiz Updated Feb 25, 2020

Support Sporcle.
Go Orange.
Score 0/22 Timer 06:00
2 Plays Today
Game Character % Correct
Super Smash Bros.Mario...
91.3%
Street Fighter II: The World WarriorRyu...
88.8%
Mortal Kombat (1992)Johnny Cage...
84.8%
Dead or AliveKasumi...
77%
TekkenKazuya Mishima...
60.9%
Soul CaliburAstaroth...
50.5%
The King of Fighters '94Kyo Kusanagi....
42.5%
Dissidia Final FantasyWarrior of Light...
40%
Darkstalkers: The Night WarriorsDemitri Maximoff...
34.3%
BlazBlue: Calamity TriggerRagna the Bloodedge...
31.6%
Killer InstinctFulgore...
29.6%
Game Character % Correct
Virtua FighterAkira Yuki...
24.5%
Guilty GearSol Badguy...
23.4%
Samurai Shodown (1993)Haohmaru...
16.2%
Power StoneEdward Falcon...
15.8%
ClayFighterHelga...
15.3%
Bloody RoarYugo...
11%
Onimusha Blade WarriorsSamanosuke Akechi...
9%
Primal RageArmadon...
8.9%
World HeroesHanzo Hattori...
8.6%
Arcana HeartHeart Aino...
6.8%
Bushido BladeUtsusemi...
2.7%

You're not logged in!

Compare scores with friends on all Sporcle quizzes.
OR
Log In

From the Vault

Sporting Traditions Around the World

by hockeystix3

Some of these sports really need to be in the Olympics.
Remove Ads.
Support Sporcle.
Get the best of Sporcle when you Go Orange. This ad-free experience offers more features, more stats, and more fun while also helping to support Sporcle. Thank you for becoming a member.

Show Comments

Extras

Top Quizzes Today


Score Distribution

Your Account Isn't Verified!

In order to create a playlist on Sporcle, you need to verify the email address you used during registration. Go to your Sporcle Settings to finish the process.

Report this User

Report this user for behavior that violates our Community Guidelines.

Details: